000
00344 a2200157 4500
001
58710
020
_a
85262336342
040
_c
Anchieta - Pituba
100
_a
Cabrini, Conceição
240
1
0
_a
História temática
_l
por
245
1
0
_a
História temática
300
_a
189
362
0
_a
2000
650
4
_a
História do mundo
942
_c
BK
999
_c
58710
_d
58710